000 00660nam a2200253Ia 4500
003 OSt
005 20221005032416.0
006 a|||||r|||| 00| 0
007 ta
008 221004b |||||||| |||| 00| 0 eng d
020 _a0226730999
024 _a34202
037 _cTextual
040 _aCRL
_cCRL
_beng
041 _2eng
_aeng
082 _aY7, P0
100 _aRuby Jay
_9255016
245 0 _aPicturing culture
_b Exploration of film and anthropolgy
260 _aChicago
_bUniversity of Chicago Press
_c2000
300 _a339p.
_ccm.
650 _aSOCIOLOGY
942 _hY7, P0
_cTEXL
_2cc
999 _c939645
_d939645